| 000 | 01660nmm a2200397 a 4500 | ||
|---|---|---|---|
| 001 | ocm0001865033 | ||
| 003 | TR-IsHL | ||
| 005 | 20201028172408.0 | ||
| 008 | 180603s2015 tu xxx | ||
| 007 | cr cn | ||
| 020 | _a9786051362328 | ||
| 035 |
_a1865033 _b(N$T) |
||
| 050 | 0 | 4 |
_aD632.5.T9 _bK37 2015 |
| 090 | 0 | 4 |
_aD632.5.T9 _bK37 2015 |
| 245 | 1 | 0 |
_aKaragöz Gazetesi'nin çizgileriyle I. Dünya Savaşı= World War I: through the illustrations of Karagöz Newspaper= La primera guerra mundial en las ilustraciones de la Gaceta Karagöz _h[electronic resource] / _chazırlayanlar Çiğdem Aslan, Mustafa Toker ; çevirenler Serdar Y. Demirtaş, Paulino Toledo |
| 250 | _aBirinci basım | ||
| 260 |
_aAnkara : _bAnkara Üniversitesi Yayınevi, _c2015 |
||
| 300 | _a612 p. | ||
| 650 | 4 | _aTarih | |
| 650 | 4 | _aHistory | |
| 650 | 0 | _aKaragöz | |
| 650 | 0 |
_aDünya Savaşı, 1914-1918 _x Basın takibi _x Türkiye |
|
| 650 | 0 |
_aWorld War, 1914-1918 _x Press coverage _x Turkey |
|
| 650 | 0 |
_aDünya Savaşı, 1914-1918 _x Kitle iletişim araçları ve savaş |
|
| 650 | 0 |
_aWorld War, 1914-1918 _x Mass media and the war |
|
| 650 | 0 |
_aKitle iletişim araçları ve savaş _x Türkiye |
|
| 650 | 0 |
_aMass media and war _x Turkey |
|
| 650 | 0 |
_aTürk nükte ve mizahı, Resimli _x Tarih |
|
| 650 | 0 |
_aTurkish wit and humor, Pictorial _x History |
|
| 650 | 7 |
_aHISTORY / Military / World War I _2bisacsh |
|
| 700 | 1 | _aToker, Mustafa | |
| 700 | 1 | _aAslan, Çiğdem | |
| 700 | 1 | _aDemirtaş, Serdar Y. | |
| 700 | 1 | _aToledo, Paulino | |
| 856 | 4 | 0 | _uhttp://search.ebscohost.com/login.aspx?direct=true&scope=site&db=e011xww&AN=1865033 |
| 999 |
_c17177 _d17177 |
||